[Event "RUS-ch 56th"]
[Site "Krasnoyarsk"]
[Date "2003.09.06"]
[Round "4"]
[White "Yakovich, Yuri"]
[Black "Yandarbiev, Ruslan"]
[Result "1-0"]
[WhiteElo "2573"]
[BlackElo "2424"]
[Annotator "Yakovich,Y"]
[PlyCount "93"]
[EventDate "2003.09.03"]
[EventType "swiss"]
[EventRounds "9"]
[EventCountry "RUS"]
[SourceTitle "CBM 098"]
[Source "ChessBase"]
[SourceDate "2004.02.03"]
[SourceVersion "1"]
[SourceVersionDate "2004.02.03"]
[SourceQuality "1"]

1. d4 Nf6 2. c4 e6 3. Nf3 d5 4. Nc3 Bb4 5. cxd5 exd5 6. Bg5 Nbd7 7. Qc2 c5 8.
a3 Bxc3+ 9. Qxc3 c4 {Black hopes on superiority on the queen side. White can
expect for advantage at other continuations also:} (9... h6 10. Bxf6 Qxf6 11.
e3 O-O 12. Bb5 cxd4 13. Qxd4 Qxd4 14. Nxd4 Nb6 15. Rc1 a6 16. Be2 Bd7 17. Rc7
Rab8 18. Kd2 $14 {Malaniuk,V-Blatny,P/Brno 1993 inf.58/(449)}) (9... Ne4 10.
Bxd8 Nxc3 11. Bh4 Ne4 12. dxc5 Ndxc5 13. Rd1 $14 {Palos,O-Blatny,P/AUT 1996})
10. Nd2 $1 {[%csl Ye4]} (10. b3 b5 $13) 10... O-O 11. e3 h6 (11... b5 $6 12. a4
) 12. Bf4 {This position met in my practice already.} Re8 {New move.} (12... b5
13. a4 bxa4 14. Rxa4 Nb6 15. Ra5 Bd7 16. Qa3 a6 17. Be2 Bb5 18. O-O Rc8 19. Nb1
Ne4 20. Nc3 Nxc3 21. bxc3 $14 {Dreev,A-Zvjaginsev,V/RUS-ch m1-2 1997}) ({
Voitsekhovsky vs. me played} 12... Nb6 $6 {and after} 13. a4 $1 a5 14. Be2 Bf5
15. O-O Qe7 16. Qa3 Qxa3 17. Rxa3 Rfc8 18. Rc1 Ne4 19. Nb1 $1 f6 20. f3 Ng5 21.
Nc3 Bd7 22. Bd1 Ne6 23. Bg3 Nc7 24. e4 $16 {I have achieved an avantage.
White's pawn majority in the centre can be used, while Black's pawns on the
queenside are stopped. Yakovich,Y-Voitsekhovsky,S/Tomsk 1997}) 13. Be2 b5 14.
a4 $1 bxa4 15. Rxa4 Nb6 16. Ra5 $1 Bg4 (16... Bd7 {/\17...Na4} 17. Qa3) 17.
Bxg4 Nxg4 18. O-O Nf6 19. Rfa1 Nh5 20. Be5 f6 21. Bg3 Nxg3 22. hxg3 $16 {
[%csl Ra7,Rd5] ><d5, ><a5} Qd7 23. Qa3 (23. b3 $5 Rec8 24. bxc4 dxc4 25. e4 $16
) 23... Reb8 24. Nb1 $1 {[%csl Ra7,Rd5][%cal Yb1c3]} Rb7 25. Nc3 Rab8 26. Ra2
$1 {/\27.Ra7, ><b2} (26. Rxa7 $2 Rxa7 27. Qxa7 Ra8 $1) 26... Ra8 27. Rb5 $1
Rab8 28. Qa6 Kh7 29. Raa5 Qf7 $1 30. Ra1 $1 {The correct plan. White want to
pass rook ahead Queen. For this purpose it is necessary to remove the Queen
from "a" file at first.} (30. Nxd5 $2 Nxd5 31. Rxd5 Rxb2 32. Qxc4 $2 f5 $1 (
32... Rb1+ 33. Kh2 f5 34. Qe2 $1 $16) 33. g4 Qe7 $1 $19) 30... Qd7 31. Qa2 $1
Qe6 32. Qb1+ g6 33. Ra6 $1 Qe7 34. Qa2 {[%cal Rb2b3]} Rd7 $6 (34... Rd8 35. b3
$16 {[%csl Ra7,Rd5]}) 35. Na4 $1 $18 Rdb7 36. Nxb6 Qf7 37. Rxd5 axb6 38. Qxc4
Rd8 39. e4 Rxd5 40. exd5 Kg7 (40... Rc7 41. Qb5 (41. Qb3 g5 42. Qf3 $18) 41...
g5 42. g4 h5 43. d6 Rc1+ 44. Kh2 hxg4 45. Qf5+ Kh6 46. Qxg4 $18) 41. Qc6 b5 42.
d6 Qd7 43. d5 g5 44. Ra8 Kg6 45. Rg8+ Kf7 46. Rc8 Kg6 47. Rc7 1-0

[Event "Palma de Mallorca FIDE GP"]
[Site "Palma de Mallorca"]
[Date "2017.11.19"]
[Round "5"]
[White "Ding, Liren"]
[Black "Aronian, Levon"]
[Result "1/2-1/2"]
[WhiteElo "2774"]
[BlackElo "2801"]
[Annotator "Yermolinsky,A"]
[PlyCount "39"]
[EventDate "2017.11.16"]
[EventType "swiss"]
[EventRounds "9"]
[EventCountry "ESP"]
[SourceTitle "CBM 182"]
[Source "ChessBase"]
[SourceDate "2018.01.17"]
[SourceVersion "1"]
[SourceVersionDate "2018.01.17"]
[SourceQuality "1"]

1. d4 Nf6 2. c4 e6 3. Nf3 d5 4. Nc3 Bb4 {This opening, commonly referred to as
the Ragozin, has gained massively in popularity in recent years. Black
combines various ideas of the Nimzo-Indian with the solid structure of the
Queen's Gambit Declined. I learned the Ragozin first from my own experiences
on the white side of it after being unable to make any headway against Gregory
Serper in our battles in the late 1990's. Then I figured, if you can't beat
them, join them, and started playing the Ragozin myself! I don't have many
wins to show for it, but I did make a lot of draws against quality opposition,
such as Onischuk, Epishin and Gulko. Of course, it all happened a long time
ago, and now there are new ideas for Black.} 5. cxd5 exd5 6. Bg5 O-O (6... h6 {
is what Serper and I always played.}) 7. e3 (7. Qc2 {transposes to a
Nimzo-Indian 4.Qc2. One example is So-Carlsen, Grand Chess Tour Blitz, Paris,
2017:} h6 8. Bh4 c5 9. dxc5 Nbd7 10. e3 Qa5 11. Bd3 Ne4 12. O-O Bxc3 13. bxc3
Ndxc5 14. Nd4 Nxd3 15. Qxd3 {Magnus wisely continued with} Re8 ({rejecting the
pawn offer,} 15... Qxc3 16. Qxc3 Nxc3 17. Rfc1 Ne4 18. f3 Nd2 19. Rc7 {where
White would have had a lot of compensation, and possibly more.}) 16. Rfc1 Bd7
17. c4 dxc4 18. Rxc4 Qd5 {and equalised comfortably.}) 7... Bf5 $5 {It's a
different ballgame here, as Black has just developed his light-squared bishop
on a great diagonal, an opportunity usually denied to him by White.} ({There
were a lot of games by Carlsen some ten years ago when the young Magnus played
} 7... c5 {As we know now, White's best reply is} 8. dxc5 $1 (8. Bd3 c4 9. Bc2
Nbd7 {is another transposition to a theoretical line, where Black's delaying
of Nbd7 allowed him to avoid the more dangerous lines with the white bishop on
f5.}) 8... Nbd7 9. Rc1 Qa5 10. a3 $1 Bxc3+ 11. Rxc3 Ne4 12. b4 Nxc3 13. Qa1 {
A great invention by Topalov, used for the first time against Carlsen in their
2007 game in Wijk aan Zee. Since then many games have followed that trend,
including a fairly recent Aronian(!)-Nakamura, GCT Rapid, Leuven 2016.
Obviously, all top players are very familiar with that line.}) ({In the
meantime,} 7... c6 $6 {is not so good. What we have here is a standard
Exchange Variation pawn structure from the QGD with the black bishop clearly
misplaced on b4.}) 8. Qb3 {appears to be the only attempt to bother Black.} (8.
Be2 Nbd7 9. O-O c6 10. Qb3 Qb6 11. Na4 Qa5 $11) 8... Bxc3+ 9. Qxc3 h6 {This is
Levon's preferred move order, while some people try to throw in ...h6 some
moves earlier.} 10. Bh4 {Ding's novelty, but it just transposes to a known
position.} ({Nakamura-Aronian, Norway Chess 2017 went} 10. Bxf6 Qxf6 {and here
Hikaru thought better of capturing the pawn} 11. Qxc7 {What's the deal here?
Black will likely continue with} ({instead, he chose the rather meek} 11. Bd3 {
and was forced to defend a slightly worse position until finally reaching a
draw on move 60.}) 11... Nc6 12. Be2 Rfc8 13. Qf4 Nb4 14. O-O Rc2 {This is the
moment when White should take a close look at} 15. Nh4 $5 {Further practical
tests are in order.}) 10... g5 $5 {This is a true innovation by Levon Aronian.}
(10... Nbd7 11. Nd2 Rc8 12. Be2 c5 13. O-O Qb6 {Karjakin-Harikrishna, 2017})
11. Bg3 Ne4 {Once again, the c7-pawn is on the sacrificial altar.} 12. Qxc7 Nc6
$1 13. Qxd8 Rfxd8 14. Be2 Rac8 15. O-O h5 $1 {Nothing works for Black without
this key move. Another excellent piece of opening preparation by Levon. What's
amazing is that he isn't holding the novelties back until the Candidates.
Generosity worthy of a king.} ({The immediate} 15... Nb4 {leads Black nowhere
after} 16. a3) 16. h4 g4 17. Ne5 (17. Ng5 $2 Nxg3 18. fxg3 Bg6 {would leave
the white knight in great danger.}) 17... Nb4 18. Bf4 ({The secret would be
revealed after} 18. a3 Nc2 19. Rac1 Nxe3 $1) 18... f6 19. Nd3 {There is
nowhere else to go with that knight.} Nc3 20. bxc3 {A draw was agreed here,} ({
in view of} 20. bxc3 Nxd3 21. Bg3 Rxc3) 1/2-1/2

[Event "Moscow Aeroflot op-A 16th"]
[Site "Moscow"]
[Date "2017.02.28"]
[Round "8"]
[White "Fedoseev, Vladimir1"]
[Black "Matlakov, Maxim"]
[Result "1-0"]
[WhiteElo "2658"]
[BlackElo "2701"]
[Annotator "Yermolinsky,A"]
[PlyCount "59"]
[EventDate "2017.02.21"]
[EventType "swiss"]
[EventRounds "9"]
[EventCountry "RUS"]
[SourceTitle "CBM 177"]
[Source "ChessBase"]
[SourceDate "2017.03.16"]
[SourceVersion "1"]
[SourceVersionDate "2017.03.16"]
[SourceQuality "1"]

{This battle between two of the best young Russian players had a big impact on
the standings.} 1. d4 Nf6 2. Nf3 d5 3. c4 e6 4. Nc3 Bb4 5. Qb3 {A bit of an
unusual line.} c5 6. dxc5 Na6 ({A more popular line is} 6... Nc6 7. Bg5 dxc4 8.
Qxc4 Qa5 9. Bxf6 ({The endgame offers nothing to White:} 9. Rc1 Qxc5 10. Qxc5
Bxc5 11. e3 Bb4 12. a3 Bxc3+ 13. Rxc3 Ne4 {Nakamura-Aronian, LOndon Classic,
2016.}) 9... gxf6 10. Rc1 Qxc5 11. Qh4 Ke7 {The black king is relatively safe
here.} 12. g3 Bxc3+ 13. bxc3 (13. Rxc3 Qb4) 13... b6 14. Bg2 Bb7 15. O-O {
Matlakov himself had a crack at this posiiton with White against Alexandrov in
2010, and failed to make the most of it after} Rad8 16. Nd4 h5 17. Rcd1 Rd6 18.
Rd3 Ba6 19. Rf3 Rh6 {Once White is forced to trade his strong Nd4 there isn't
a whole lot he can do.}) 7. a3 Bxc3+ 8. Qxc3 Nxc5 9. cxd5 Qxd5 10. Be3 {
At least here White can boast about his bishop pair.} Nce4 11. Qe5 Qxe5 12.
Nxe5 Nd5 13. Bc1 $1 {Vladimir Fedoseev is 21 years old, but he handles this
game like a seasoned pro. White needs to preserve his dark-squared bishop at
any cost..} Nc5 (13... f6 14. Nd3 Kf7 15. f3 Nd6 16. e4 Ne7 17. Be3 $14) 14.
Rb1 f6 (14... Nb3 $6 {would be consistent, but the whole operation costs Black
too much time, which is telling after} 15. e4 Nf6 16. f3 Nxc1 17. Rxc1 $16 {
What to do here?} Ke7 {is no good:} 18. Rc7+ Kd6 19. Nxf7+ Kxc7 20. Nxh8 Bd7
21. Nf7 {and having snatched an important pawn the knight escapes unscathed.})
15. Nc4 e5 16. f3 $1 {The key to White's success in such positions is proper
pawn placement.} Ke7 17. e4 Nf4 18. Be3 Ncd3+ ({Perhaps, a small amount of
structural damage had to be conceded in order to facilitate Black's
development.} 18... b6 $5) 19. Bxd3 Nxd3+ 20. Ke2 Nf4+ 21. Bxf4 exf4 22. Na5 $1
{Vladimir Kramnik has used this knight placement to great success in similar
positions.} b6 {It's all about the c6-square, and now the knight gets there.} (
{It was high time to look for counterplay:} 22... Rd8 23. Rhc1 (23. Rhd1 Rxd1
24. Rxd1 Bd7 $11) 23... f5 24. Rc7+ Kf8 {Now in the event of} 25. Rd1 Rxd1 26.
Kxd1 fxe4 27. fxe4 b6 28. Nc6 Bg4+ 29. Kd2 Re8 30. Kd3 f3 {Black seems to be
getting somewhere.}) 23. Nc6+ Kd6 $2 {Practically speaking, a losing move.} ({
Only} 23... Ke6 24. Rbc1 Bd7 {would leave Black a chance to escape.} 25. Nd4+
Ke7 26. Rc7 Kd6 27. Rhc1 Rac8 28. Nf5+ (28. Nb5+ $4 Bxb5+ {well, check.}) 28...
Bxf5 29. R1c6+ Ke5 {is a fascinating position. White seems to be close, but he
can't quite secure his advantage, neither in} 30. Re7+ ({nor} 30. exf5 Rxc7 31.
Rxc7 a5 32. Rxg7 Rc8 33. Kd3 Rd8+ 34. Kc3 Rc8+ 35. Kb3 h6) 30... Kd4 31. Rd6+
Kc4 32. exf5 Kb3) 24. Rbc1 Ba6+ 25. Kf2 Rhc8 26. Rhd1+ Ke6 27. g3 fxg3+ 28.
hxg3 g6 {Maxim felt he had to get the f5-square under control.} (28... Bb7 29.
Nd4+ Kf7 30. Nf5 $1 Rxc1 31. Rxc1 {and there's no} Rc8 {on account of} 32. Nd6+
) 29. f4 Bb7 {He must have thought he was safe here.} (29... h5 30. Ke3 Re8 31.
f5+ gxf5 32. Nd4+ Kf7 33. Nxf5 {and at least one of White's rooks gets to the
7th rank.}) 30. f5+ $1 {Suddenly Black is losing material. An excellent
display of positional chess by Vladimir Kramnik. Sorry, I meant to say,
Fedoseev.} 1-0